[Event "Oberliga Nord N 1920"]
[Site "Germany"]
[Date "2019.09.29"]
[Round "1.8"]
[White "Rittemann, Steffen"]
[Black "Gremmel, Jonas Simon"]
[Result "1/2-1/2"]
[WhiteElo "2144"]
[BlackElo "2001"]
[PlyCount "21"]
[EventDate "2019.09.29"]
[EventType "team-tourn"]
[EventRounds "9"]
[EventCountry "GER"]
[SourceTitle "CBM 195 Extra"]
[Source "ChessBase"]
[SourceDate "2020.05.31"]
[SourceVersion "1"]
[SourceVersionDate "2020.05.31"]
[SourceQuality "1"]

1. e4 e5 2. Bc4 Nc6 3. Nc3 Bc5 4. Qg4 g6 5. Qg3 d6 6. Nf3 Nf6 7. Ng5 0-0 8. Qh4 Nd4 9. Nd5 h5 10. c3 Ne6 11. d3 1/2-1/2

[Event "Oberliga Nord N 1819"]
[Site "Germany"]
[Date "2018.10.21"]
[Round "1.7"]
[White "Rittemann, Steffen"]
[Black "Kull, Florian"]
[Result "0-1"]
[WhiteElo "2173"]
[BlackElo "2179"]
[PlyCount "107"]
[EventDate "2018.10.21"]
[EventType "team-tourn"]
[EventRounds "9"]
[EventCountry "GER"]
[SourceTitle "EXT 2020"]
[Source "ChessBase"]
[SourceDate "2019.10.17"]
[SourceVersion "1"]
[SourceVersionDate "2019.10.17"]
[SourceQuality "1"]
[WhiteTeam "Schwerin SF"]
[BlackTeam "Hamburg Schachfreunde"]
[WhiteTeamCountry "GER"]
[BlackTeamCountry "GER"]

1. e4 e6 2. d4 d5 3. Nd2 Nc6 4. Ngf3 Nf6 5. e5 Nd7 6. Be2 f6 7. exf6 Qxf6 8. Nf1 Bd6 9. Ne3 0-0 10. 0-0 Qg6 11. c4 dxc4 12. Nxc4 Nb6 13. b3 Nxc4 14. bxc4 Bd7 15. Bb2 Rad8 16. Re1 e5 17. dxe5 Bb4 18. Qb3 Bxe1 19. Rxe1 Bh3 20. Bf1 Bg4 21. c5+ Kh8 22. Nh4 Qg5 23. Qg3 Qf4 24. Qxf4 Rxf4 25. g3 Rb4 26. Bc3 Ra4 27. h3 Be6 28. f4 Ne7 29. f5 Nxf5 30. Nxf5 Bxf5 31. e6 Re4 32. Rxe4 Bxe4 33. Bc4 Rd1+ 34. Kf2 Rc1 35. e7 Bc6 36. Bd5 Be8 37. Bd4 Rd1 38. Ke3 Re1+ 39. Kf4 Rxe7 40. Bxb7 c6 41. Ba6 Bf7 42. a3 Bd5 43. Bd3 Kg8 44. h4 g6 45. Be5 Rb7 46. Bc2 Rf7+ 47. Kg5 Rf2 48. Bd3 Rf3 49. Bb1 Rxa3 50. Kh6 Re3 51. Bd6 a5 52. g4 a4 53. h5 Re6 54. hxg6 0-1

[Event "Oberliga Nord N 1718"]
[Site "Germany"]
[Date "2018.02.25"]
[Round "7.5"]
[White "Rittemann, Steffen"]
[Black "Ahmels, Volker"]
[Result "1-0"]
[WhiteElo "2173"]
[BlackElo "2194"]
[PlyCount "101"]
[EventDate "2017.10.08"]
[EventType "team-tourn"]
[EventRounds "9"]
[EventCountry "GER"]
[SourceTitle "EXT 2019"]
[Source "ChessBase"]
[SourceDate "2018.10.10"]
[SourceVersion "1"]
[SourceVersionDate "2018.10.10"]
[SourceQuality "1"]
[WhiteTeam "Schwerin"]
[BlackTeam "Eppendorf Johanneum"]
[WhiteTeamCountry "GER"]
[BlackTeamCountry "GER"]

1. e4 e5 2. Bc4 Nf6 3. d3 c6 4. Nf3 d5 5. Bb3 Bd6 6. 0-0 0-0 7. Re1 dxe4 8. dxe4 Bg4 9. h3 Bh5 10. c3 Na6 11. Nbd2 Bc7 12. Qe2 Nc5 13. Bc2 Ne6 14. Qf1 Nd7 15. Nh2 b5 16. g3 Bb6 17. Ndf3 Qf6 18. Kg2 h6 19. Ng4 Bxg4 20. hxg4 Rfe8 21. Qe2 Ndf8 22. Rh1 Nh7 23. Nh4 Nhg5 24. Nf5 Rad8 25. a4 a6 26. axb5 axb5 27. Ra6 Rb8 28. Be3 Bxe3 29. Qxe3 Nh7 30. Rxc6 Nf4+ 31. gxf4 Qxc6 32. fxe5 Rxe5 33. Qd4 Qc5 34. f4 Qxd4 35. cxd4 Ree8 36. e5 Nf8 37. Kf3 b4 38. Bb3 Ne6 39. Ke4 Kf8 40. Nd6 Re7 41. Nxf7 Rxf7 42. Bxe6 Rc7 43. Bb3 Rbc8 44. Kd3 Rc1 45. Rh2 Rf1 46. Ke4 Re1+ 47. Kf5 Ke7 48. Kg6 Re4 49. d5 Rxf4 50. d6+ Kf8 51. e6 1-0

[Event "Oberliga Nord N 1617"]
[Site "Germany"]
[Date "2017.02.05"]
[Round "5.8"]
[White "Neumann, Michael"]
[Black "Rittemann, Steffen"]
[Result "0-1"]
[WhiteElo "2191"]
[BlackElo "2149"]
[PlyCount "58"]
[EventDate "2016.10.16"]
[EventType "team-tourn"]
[EventRounds "9"]
[EventCountry "GER"]
[SourceTitle "EXT 2018"]
[Source "ChessBase"]
[SourceDate "2017.10.13"]
[SourceVersion "1"]
[SourceVersionDate "2017.10.13"]
[SourceQuality "1"]
[WhiteTeam "Hamburg Diogenes"]
[BlackTeam "Schwerin"]
[WhiteTeamCountry "GER"]
[BlackTeamCountry "GER"]

1. e4 c5 2. Nf3 d6 3. d4 cxd4 4. Nxd4 Nf6 5. Nc3 a6 6. Be3 e5 7. Nb3 Be6 8. h3 Be7 9. Qf3 b5 10. g4 b4 11. Nd5 Bxd5 12. exd5 0-0 13. 0-0-0 Qc7 14. Bd3 Rc8 15. g5 e4 16. Bxe4 Nxe4 17. Qxe4 a5 18. Nd4 a4 19. Kb1 Bf8 20. Nf5 Nd7 21. Rhg1 Ne5 22. Bd4 b3 23. Rc1 Nc4 24. Nh6+ Kh8 25. Qf5 a3 26. Nxf7+ Qxf7 27. Qxf7 Nd2+ 28. Ka1 axb2+ 29. Kxb2 Rxa2# 0-1

[Event "Oberliga Nord N 1617"]
[Site "Germany"]
[Date "2016.10.16"]
[Round "1.8"]
[White "Dietz, Juergen"]
[Black "Rittemann, Steffen"]
[Result "1/2-1/2"]
[WhiteElo "2147"]
[BlackElo "2149"]
[PlyCount "58"]
[EventDate "2016.10.16"]
[EventType "team-tourn"]
[EventRounds "9"]
[EventCountry "GER"]
[SourceTitle "EXT 2018"]
[Source "ChessBase"]
[SourceDate "2017.10.13"]
[SourceVersion "1"]
[SourceVersionDate "2017.10.13"]
[SourceQuality "1"]
[WhiteTeam "Hamburg Schachfreunde"]
[BlackTeam "Schwerin"]
[WhiteTeamCountry "GER"]
[BlackTeamCountry "GER"]

1. f4 Nf6 2. Nf3 g6 3. g3 Bg7 4. d3 0-0 5. Bg2 d6 6. Nc3 c6 7. e4 b5 8. Qe2 b4 9. Nd1 Qb6 10. a3 a5 11. Be3 c5 12. axb4 Qxb4+ 13. Bd2 Qb6 14. 0-0 Nc6 15. Ne3 Nd7 16. e5 dxe5 17. Nc4 Qc7 18. Nfxe5 Ndxe5 19. fxe5 a4 20. Qf2 Ra6 21. Qxc5 Be6 22. d4 Qd7 23. c3 Rd8 24. Qb5 Nb8 25. Qxd7 Rxd7 26. Na3 Bxe5 27. dxe5 Rxd2 28. Rfd1 Rxd1+ 29. Rxd1 Nd7 1/2-1/2

[Event "BL2-Nord 1112"]
[Site "Germany"]
[Date "2012.03.18"]
[Round "8.7"]
[White "Buchal, Stephan"]
[Black "Rittemann, Steffen"]
[Result "0-1"]
[WhiteElo "2330"]
[BlackElo "2150"]
[PlyCount "80"]
[EventDate "2011.10.02"]
[EventType "team-tourn"]
[EventRounds "9"]
[EventCountry "GER"]
[SourceTitle "EXT 2015"]
[Source "ChessBase"]
[SourceDate "2014.11.20"]
[SourceVersion "1"]
[SourceVersionDate "2014.11.20"]
[SourceQuality "1"]
[WhiteTeam "Werder Bremen II"]
[BlackTeam "Neukloster"]
[WhiteTeamCountry "GER"]
[BlackTeamCountry "GER"]

1. e4 c5 2. Nf3 d6 3. Bb5+ Nc6 4. Bxc6+ bxc6 5. 0-0 Bg4 6. h3 Bh5 7. Re1 e5 8. c3 Be7 9. d4 cxd4 10. cxd4 Bxf3 11. Qxf3 exd4 12. Na3 Rc8 13. Qg3 Nf6 14. Qxg7 Rg8 15. Qh6 Rg6 16. Qf4 Nh5 17. Qf3 Ng7 18. Nc4 Qd7 19. Bd2 Ne6 20. Qh5 Bg5 21. Bxg5 Rxg5 22. Qh6 Rg6 23. Qxh7 Ng5 24. Qh8+ Ke7 25. Qh4 Kf8 26. Kf1 Kg7 27. e5 c5 28. exd6 Qf5 29. Ne5 Rxd6 30. Qg3 Kf8 31. Rad1 Re8 32. Kg1 Ne4 33. Rxe4 Qxe4 34. Nxf7 Rg6 35. Nd6 Qe1+ 36. Rxe1 Rxe1+ 37. Kh2 Rxg3 38. Kxg3 d3 39. Nc4 Rc1 40. Nd2 Rc2 0-1

[Event "BL2-Nord 1011"]
[Site "Germany"]
[Date "2010.10.24"]
[Round "2.6"]
[White "Bakker, Sven"]
[Black "Rittemann, Steffen"]
[Result "1-0"]
[WhiteElo "2213"]
[BlackElo "2175"]
[PlyCount "71"]
[EventDate "2010.10.10"]
[EventType "team-tourn"]
[EventRounds "9"]
[EventCountry "GER"]
[SourceTitle "EXT 2012"]
[Source "ChessBase"]
[SourceDate "2011.11.24"]
[SourceVersion "1"]
[SourceVersionDate "2011.11.24"]
[SourceQuality "1"]
[WhiteTeam "Hamburger SK II"]
[BlackTeam "Neukloster"]
[WhiteTeamCountry "GER"]
[BlackTeamCountry "GER"]

1. d4 Nf6 2. c4 g6 3. Nc3 Bg7 4. e4 d6 5. h3 0-0 6. Bg5 c6 7. Bd3 Nbd7 8. Nge2 a6 9. 0-0 b5 10. a3 Qb6 11. Rb1 Re8 12. b4 Bb7 13. c5 Qc7 14. f4 Nf8 15. Bh4 Rad8 16. cxd6 exd6 17. e5 dxe5 18. fxe5 Nd5 19. Bxd8 Qxd8 20. Nxd5 Qxd5 21. Qb3 Qd7 22. Rbd1 Ne6 23. Bb1 Rd8 24. Ba2 Qe7 25. Kh1 Rd7 26. Qe3 a5 27. bxa5 Ng5 28. Nc3 h6 29. Ne4 Nxe4 30. Qxe4 Qxa3 31. e6 c5 32. exd7 Bxe4 33. d8Q+ Kh7 34. Qh4 f5 35. Bb1 g5 36. Qh5 1-0

[Event "BL2-Nord 0809"]
[Site "Germany"]
[Date "2009.03.29"]
[Round "9.5"]
[White "Wiedersich, Jens"]
[Black "Rittemann, Steffen"]
[Result "1/2-1/2"]
[WhiteElo "2140"]
[BlackElo "2140"]
[PlyCount "23"]
[EventDate "2008.10.05"]
[EventType "team-tourn"]
[EventRounds "9"]
[EventCountry "GER"]
[SourceTitle "CBM 129 Extra"]
[Source "ChessBase"]
[SourceDate "2009.05.05"]
[SourceVersion "2"]
[SourceVersionDate "2009.05.20"]
[SourceQuality "1"]
[WhiteTeam "Oberschoeneweide"]
[BlackTeam "Neukloster"]
[WhiteTeamCountry "GER"]
[BlackTeamCountry "GER"]

1. d4 d5 2. c4 c6 3. Nc3 Nf6 4. Nf3 e6 5. g3 Nbd7 6. Bg2 Be7 7. 0-0 0-0 8. a4 dxc4 9. Nd2 e5 10. Nxc4 exd4 11. Qxd4 Nb6 12. Qxd8 1/2-1/2

[Event "Mecklenburg VP LL 0708"]
[Site "Mecklenburg VP"]
[Date "2007.12.09"]
[Round "4.1"]
[White "Rittemann, Steffen"]
[Black "Beerbaum, Joerg"]
[Result "1/2-1/2"]
[WhiteElo "2061"]
[BlackElo "2130"]
[PlyCount "35"]
[EventDate "2007.10.21"]
[EventType "team-tourn"]
[EventRounds "9"]
[EventCountry "GER"]
[SourceTitle "EXT 2016"]
[Source "ChessBase"]
[SourceDate "2015.10.08"]
[SourceVersion "1"]
[SourceVersionDate "2015.10.08"]
[SourceQuality "1"]
[WhiteTeam "Wismar ASV Gruen-Weiss"]
[BlackTeam "Ludwigslust Post SV"]
[WhiteTeamCountry "GER"]
[BlackTeamCountry "GER"]

1. e4 c5 2. Nf3 d6 3. d4 cxd4 4. Nxd4 Nf6 5. Nc3 g6 6. f4 Nc6 7. Nxc6 bxc6 8. e5 dxe5 9. Qxd8+ Kxd8 10. fxe5 Nd5 11. Nxd5 cxd5 12. Bf4 Bf5 13. 0-0-0 e6 14. Bd3 Rc8 15. Bg5+ Be7 16. Bxe7+ Kxe7 17. Bxf5 gxf5 18. Rd4 1/2-1/2

[Event "Mecklenburg VP LL 0708"]
[Site "Mecklenburg VP"]
[Date "2007.10.21"]
[Round "1.1"]
[White "Van Bentum, Horst"]
[Black "Rittemann, Steffen"]
[Result "1/2-1/2"]
[WhiteElo "2025"]
[BlackElo "2061"]
[PlyCount "29"]
[EventDate "2007.10.21"]
[EventType "team-tourn"]
[EventRounds "9"]
[EventCountry "GER"]
[SourceTitle "EXT 2016"]
[Source "ChessBase"]
[SourceDate "2015.10.08"]
[SourceVersion "1"]
[SourceVersionDate "2015.10.08"]
[SourceQuality "1"]
[WhiteTeam "Rostock Uni"]
[BlackTeam "Wismar ASV Gruen-Weiss"]
[WhiteTeamCountry "GER"]
[BlackTeamCountry "GER"]

1. e4 c5 2. Nc3 a6 3. a4 e6 4. f4 b6 5. Nf3 Bb7 6. Be2 Ne7 7. 0-0 Nbc6 8. d3 d5 9. Qe1 g6 10. exd5 Nxd5 11. Ne4 Bg7 12. c3 Qe7 13. Qg3 0-0 14. Qg5 Na5 15. Qxe7 1/2-1/2